Vegetarian cookery

Bibliographic Details
Other Authors: Szrown, barah
Format: Book
Published: London : Dorling Kindersley , 1991
Series:Pocket Encyclopedia
Subjects:

MARC

LEADER 00000cam a2200000 7i4500
001 0000004148
002 000004462
005 20000330.0
020 |a 0863186696 
090 0 0 |a 641.5636   |b VEG 
245 0 0 |a Vegetarian cookery   |c edited by Sarah Brown 
260 |a London :   |b Dorling Kindersley ,   |c 1991 
300 |a 224p. ;   |c 22cm. 
490 0 |a Pocket Encyclopedia 
650 0 0 |a Vegetarian Cookery   |x Macrobiotic diet   |x Recipes 
700 1 |a Szrown, barah 
999 |a 033448   |b BUKU   |c PINJAMAN   |e PERPUSTAKAAN KOMUNITI PETALING JAYA